<?xml version="1.0" encoding="UTF-8"?><?xml-stylesheet type="text/xsl" href="static/style.xsl"?><OAI-PMH xmlns="http://www.openarchives.org/OAI/2.0/" xmlns:xsi="http://www.w3.org/2001/XMLSchema-instance" xsi:schemaLocation="http://www.openarchives.org/OAI/2.0/ http://www.openarchives.org/OAI/2.0/OAI-PMH.xsd"><responseDate>2026-06-01T18:18:30Z</responseDate><request verb="GetRecord" identifier="oai:riubu.ubu.es:10259/8797" metadataPrefix="marc">https://riubu.ubu.es/oai/request</request><GetRecord><record><header><identifier>oai:riubu.ubu.es:10259/8797</identifier><datestamp>2024-03-14T11:52:07Z</datestamp><setSpec>com_10259_4219</setSpec><setSpec>com_10259_5086</setSpec><setSpec>com_10259_2604</setSpec><setSpec>col_10259_4220</setSpec></header><metadata><record xmlns="http://www.loc.gov/MARC21/slim" xmlns:doc="http://www.lyncode.com/xoai" xmlns:xsi="http://www.w3.org/2001/XMLSchema-instance" xmlns:dcterms="http://purl.org/dc/terms/" xsi:schemaLocation="http://www.loc.gov/MARC21/slim http://www.loc.gov/standards/marcxml/schema/MARC21slim.xsd">
<leader>00925njm 22002777a 4500</leader>
<datafield tag="042" ind1=" " ind2=" ">
<subfield code="a">dc</subfield>
</datafield>
<datafield tag="720" ind1=" " ind2=" ">
<subfield code="a">Aldred, Jason</subfield>
<subfield code="e">author</subfield>
</datafield>
<datafield tag="720" ind1=" " ind2=" ">
<subfield code="a">Anca-Herschkovitsch, Marieta</subfield>
<subfield code="e">author</subfield>
</datafield>
<datafield tag="720" ind1=" " ind2=" ">
<subfield code="a">Antonini, Angelo</subfield>
<subfield code="e">author</subfield>
</datafield>
<datafield tag="720" ind1=" " ind2=" ">
<subfield code="a">Bajenaru, Ovidiu</subfield>
<subfield code="e">author</subfield>
</datafield>
<datafield tag="720" ind1=" " ind2=" ">
<subfield code="a">Bourgeois, Paul</subfield>
<subfield code="e">author</subfield>
</datafield>
<datafield tag="720" ind1=" " ind2=" ">
<subfield code="a">Cubo Delgado, Esther</subfield>
<subfield code="e">author</subfield>
</datafield>
<datafield tag="720" ind1=" " ind2=" ">
<subfield code="a">Davis, Thomas L.</subfield>
<subfield code="e">author</subfield>
</datafield>
<datafield tag="720" ind1=" " ind2=" ">
<subfield code="a">Iansek, Robert</subfield>
<subfield code="e">author</subfield>
</datafield>
<datafield tag="720" ind1=" " ind2=" ">
<subfield code="a">Kovács, Norbert</subfield>
<subfield code="e">author</subfield>
</datafield>
<datafield tag="720" ind1=" " ind2=" ">
<subfield code="a">Kukreja, Pavnit</subfield>
<subfield code="e">author</subfield>
</datafield>
<datafield tag="720" ind1=" " ind2=" ">
<subfield code="a">Onuk, Koray</subfield>
<subfield code="e">author</subfield>
</datafield>
<datafield tag="720" ind1=" " ind2=" ">
<subfield code="a">Pontieri, Francesco E.</subfield>
<subfield code="e">author</subfield>
</datafield>
<datafield tag="720" ind1=" " ind2=" ">
<subfield code="a">Robieson, Weining</subfield>
<subfield code="e">author</subfield>
</datafield>
<datafield tag="720" ind1=" " ind2=" ">
<subfield code="a">Siddiqui, Mustafa S.</subfield>
<subfield code="e">author</subfield>
</datafield>
<datafield tag="720" ind1=" " ind2=" ">
<subfield code="a">Simu, Mihaela</subfield>
<subfield code="e">author</subfield>
</datafield>
<datafield tag="720" ind1=" " ind2=" ">
<subfield code="a">Standaert, David G.</subfield>
<subfield code="e">author</subfield>
</datafield>
<datafield tag="720" ind1=" " ind2=" ">
<subfield code="a">Chaudhuri, K. Ray</subfield>
<subfield code="e">author</subfield>
</datafield>
<datafield tag="260" ind1=" " ind2=" ">
<subfield code="c">2020-09</subfield>
</datafield>
<datafield tag="520" ind1=" " ind2=" ">
<subfield code="a">Aim: A Delphi expert consensus panel proposed that fulfilling ≥1 of the ‘5-2-1 criteria’ (≥five-times daily oral levodopa use, ≥two daily hours with ‘Off’ symptoms or ≥one daily hour with troublesome dyskinesia) suggests advanced Parkinson’s disease (PD). Patients &amp; methods: DUOdopa/Duopa in Patients with Advanced PD – a GLobal OBservational Study Evaluating Long-Term Effectiveness (DUOGLOBE) – is a single-arm, postmarketing, observational, long-term effectiveness study of levodopa–carbidopa intestinal gel (LCIG) for advanced PD. Results: This 6-month interim analysis (n = 139) affirms that most (98%) enrolled patients fulfill ≥1 of the 5-2-1 criteria. These patients responded favorably to LCIG treatment. Safety was consistent with other LCIG studies. Conclusion: In advanced PD patients, the 5-2-1 criteria generally aligns with clinician assessment.</subfield>
</datafield>
<datafield tag="024" ind2=" " ind1="8">
<subfield code="a">1758-2024</subfield>
</datafield>
<datafield tag="024" ind2=" " ind1="8">
<subfield code="a">http://hdl.handle.net/10259/8797</subfield>
</datafield>
<datafield tag="024" ind2=" " ind1="8">
<subfield code="a">10.2217/nmt-2020-0021</subfield>
</datafield>
<datafield tag="024" ind2=" " ind1="8">
<subfield code="a">1758-2032</subfield>
</datafield>
<datafield ind1=" " ind2=" " tag="653">
<subfield code="a">5-2-1</subfield>
</datafield>
<datafield ind1=" " ind2=" " tag="653">
<subfield code="a">Criteria for advanced PD</subfield>
</datafield>
<datafield ind1=" " ind2=" " tag="653">
<subfield code="a">Dyskinesia</subfield>
</datafield>
<datafield ind1=" " ind2=" " tag="653">
<subfield code="a">LCIG</subfield>
</datafield>
<datafield ind1=" " ind2=" " tag="653">
<subfield code="a">Levodopa</subfield>
</datafield>
<datafield ind1=" " ind2=" " tag="653">
<subfield code="a">Levodopa-carbidopa intestinal gel</subfield>
</datafield>
<datafield ind1=" " ind2=" " tag="653">
<subfield code="a">Off time</subfield>
</datafield>
<datafield ind1=" " ind2=" " tag="653">
<subfield code="a">Parkinson’s disease</subfield>
</datafield>
<datafield tag="245" ind1="0" ind2="0">
<subfield code="a">Application of the ‘5-2-1’ screening criteria in advanced Parkinson’s disease: interim analysis of DUOGLOBE</subfield>
</datafield>
</record></metadata></record></GetRecord></OAI-PMH>